Statistics for Countries of the World without Vowels

Click here to take the quiz!

General Stats

  • This quiz has been taken 54 times
  • The average score is 18 of 23

Answer Stats

CountryAnswer% Correct
FRNCFrance
100%
NPLNepal
96%
BLRSBelarus
94%
LCHTNSTNLiechtenstein
94%
PRGYParaguay
94%
TJKSTNTajikistan
94%
RWNDRwanda
92%
KWTKuwait
90%
SLVNSlovenia
90%
CLMBColombia
81%
LSLaos
79%
MRTSMauritius
79%
CHDChad
77%
LBRLiberia
77%
SNMRNSan Marino
71%
RGNTNArgentina
63%
BRNDBurundi
63%
NRNauru
63%
SMSamoa
60%
PLPalau
58%
MNOman
56%
GNGuinea
46%
SRRLNSierra Leone
38%

Score Distribution

Percentile by Number Answered

Percent of People with Each Score

Your Score History

You have not taken this quiz